Seller's packs will modernise buying and selling (Record no. 72427)

MARC details
000 -LEADER
fixed length control field 01133cam a2200205 4500
001 - CONTROL NUMBER
control field WB3913-10
008 - FIXED-LENGTH DATA ELEMENTS--GENERAL INFORMATION
fixed length control field 030402n2003 000 0 eng u
035 ## - SYSTEM CONTROL NUMBER
System control number (Sirsi) u121872
245 ## - TITLE STATEMENT
Title Seller's packs will modernise buying and selling
260 ## - PUBLICATION, DISTRIBUTION, ETC.
Date of publication, distribution, etc. 2003
490 ## - SERIES STATEMENT
Series statement ODPM News Release
Volume/sequential designation (2003/0060) 31 March 2003 (3)
520 ## - SUMMARY, ETC.
Summary, etc. Seller's packs have become home information packs in the measures up for consultation in the draft Housing Bill and are part of series of reforms intended to modernise buying and selling in England and Wales. The new packs are part of the consultation on the draft Housing Bill which is available on the ODPM website, http://www.housing.odpm.gov.uk/information/consult/housingbill/01.htm, and as well as a document which specifically looks at the effect of the packs on low demand low value areas. See also WB3913-09. ODPM News Release http://www.odpm.gov.uk/pns/DisplayPN.cgi?pn_id=2003_0060
590 ## - LOCAL NOTE (RLIN)
Local note WB
650 ## - SUBJECT ADDED ENTRY--TOPICAL TERM
Topical term or geographic name entry element HOUSING BILL 2003
650 ## - SUBJECT ADDED ENTRY--TOPICAL TERM
Topical term or geographic name entry element PRIVATE SECTOR HOUSING
650 ## - SUBJECT ADDED ENTRY--TOPICAL TERM
Topical term or geographic name entry element HOME INFORMATION PACKS
650 ## - SUBJECT ADDED ENTRY--TOPICAL TERM
Topical term or geographic name entry element PROPERTY TRANSACTIONS
690 ## - LOCAL SUBJECT ADDED ENTRY--TOPICAL TERM (OCLC, RLIN)
Topical term or geographic name as entry element HOUSING
942 ## - ADDED ENTRY ELEMENTS (KOHA)
Suppress in OPAC 0
Holdings
Withdrawn status Lost status Source of classification or shelving scheme Damaged status Not for loan Home library Current library Shelving location Date acquired Total Checkouts Full call number Barcode Date last seen Copy number Price effective from Koha item type
    Dewey Decimal Classification     London London News article 02/04/2003   WB3913-10 121872-1001 06/08/2019 1 06/08/2019 News article